| 000 | 01193nam a22002897a 4500 | ||
|---|---|---|---|
| 999 |
_c21474 _d21474 |
||
| 003 | AR-CdUCM | ||
| 008 | 190220b ||||| |||| 00| 0 spa d | ||
| 020 | _a9789972516993 | ||
| 040 |
_aMUNICIPALIDAD PROVINCIAL DEL CUSCO _cBIBLIOTECA MUNICIPAL DEL CUSCO |
||
| 082 |
_a985/T4 _bT4 |
||
| 245 |
_aTiempo de guerra : _bEstado, nación y conflicto armado en el Perú, siglos XVII-XIX / _cCarmen McEvoy, Alejandro M. Rabinovich, editores |
||
| 260 |
_aLima : _bInstituto de Estudios Peruanos, IEP, _c2018. |
||
| 300 |
_a578 páginas. : _bilustraciones ; _c23 cm. |
||
| 440 |
_aSerie Estudios Históricos, _n78. _944939 |
||
| 505 | _aContenido: Las batallas del Perú virreinal -- Las guerras republicanas -- De Castilla a Piérola el arduo camino hacia la desmoviización. | ||
| 650 |
_aEstado nacional _944914 |
||
| 650 |
_aHistoria _944940 |
||
| 650 |
_aGuerra y sociedad _944941 |
||
| 650 |
_aPolítica de Gobierno _944942 |
||
| 650 |
_aSiglos XVII-XIX _944943 |
||
| 650 |
_aPerú _944944 |
||
| 700 |
_aMc Evoy, Carmen. editora _944945 |
||
| 700 |
_aRabinovich, Alejandro. editor _944946 |
||
| 710 |
_aInstituto de Estudios Peruanos (Lima) _99759 |
||
| 942 |
_2ddc _cLIBROS |
||
| 945 | _aRoel | ||